000 00557cas a22002055a 4500
001 ##L118664
005 20250813131626.0
008 020703c2002 xxkqr p 0 a0eng u
022 0 _a1472-5967
035 _a(Sirsi) u118664
041 0 _aeng
245 0 0 _aJournal of Facilities Management
260 3 _aLondon
_bHenry Stewart Publications
_c2002-
362 _a1(1) March 2002-
510 2 _aKnowledge Alert
_c2006-
520 _aKept for five years
651 4 _aUnited Kingdom
690 _aMANAGEMENT-FACILITIES MANAGEMENT
942 _n0
_2ddc
999 _c118754
_d118754